Best Selling Books of All Time - Statistics

General Stats
  • This quiz has been taken 112 times
  • The average score is 11 of 22
Answer Stats
Approx Sales Author First Published Book % Correct
120 million J.K. Rowling 1997 Harry Potter and the Philosopher's Stone
85%
100 million J.R.R. Tolkien 1937 The Hobbit
84%
65 million J.K. Rowling 1999 Harry Potter and the Prisoner of Azkaban
75%
77 million J.K. Rowling 1998 Harry Potter and the Chamber of Secrets
74%
65 million J.K. Rowling 2000 Harry Potter and the Goblet of Fire
73%
65 million J.K. Rowling 2005 Harry Potter and the Half-Blood Prince
71%
65 million J.K. Rowling 2007 Harry Potter and the Deathly Hallows
70%
65 million J.D. Salinger 1951 The Catcher in the Rye
67%
65 million J.K. Rowling 2003 Harry Potter and the Order of the Phoenix
66%
100 million Lewis Carroll 1865 Alice's Adventures in Wonderland
65%
>200 million Charles Dickens 1859 A Tale of Two Cities
62%
80 million Dan Brown 2003 The Da Vinci Code
60%
50 million Vladimir Nabokov 1955 Lolita
49%
200 million Antoine de Saint-Exupery 1943 The Little Prince
46%
50 million Gabriel Garcia Marquez 1967 One Hundred Years of Solitude
42%
150 million Paulo Coelho 1989 The Alchemist
33%
100 million Agatha Christie 1939 And Then There Were None
27%
50 million Lucy Maud Mongomery 1908 Anne of Green Gables
22%
50 million Johanna Spyri 1880 Heidi
15%
83 million H. Rider Haggard 1887 She: A History of Adventure
15%
100 million Cao Xueqin 1791 Dream of the Red Chamber
5%
60 million Robert James Waller 1992 The Bridges of Madison County
3%
No matching quizzes found
Score Distribution
Percent of People with Each Score
Percentile by Number Answered
Your Score History
You have not taken this quiz